|
|
|
|
| LEADER |
00000nam a2200000Ii 4500 |
| 001 |
DIGEDICNSB0014 |
| 003 |
NyNyDIG |
| 008 |
221005s2013 sp o 001 0 spa d |
| 006 |
m o d |
| 007 |
cr ||||||||||| |
| 035 |
|
|
|a (OCoLC)1379462914
|
| 040 |
|
|
|a DGITA
|b eng
|e rda
|e pn
|c DGITA
|
| 020 |
|
|
|a 9788490195642
|q eBook
|
| 020 |
|
|
|z 9788466653084
|
| 050 |
1 |
4 |
|a S494.5.I5 ebook
|
| 100 |
1 |
|
|a Estulin, Daniel,
|e author.
|
| 245 |
1 |
3 |
|a El club de los inmortales /
|c Daniel Estulin ; traducción de Laura Paredes.
|
| 250 |
|
|
|a Edición en formato digital.
|
| 264 |
|
1 |
|a Barcelona (España) :
|b Ediciones B,
|c [2013]
|
| 300 |
|
|
|a 1 online resource.
|
| 336 |
|
|
|a text
|b txt
|2 rdacontent
|
| 337 |
|
|
|a computer
|b c
|2 rdamedia
|
| 338 |
|
|
|a online resource
|b cr
|2 rdacarrier
|
| 347 |
|
|
|a text file
|2 rdaft
|
| 347 |
|
|
|b EPUB
|
| 500 |
|
|
|a "El club Bilderberg ha caducado. Llega la deconstrucción humana."
|
| 500 |
|
|
|a Includes index.
|
| 588 |
0 |
|
|a Online resource; title from ePub title page (Digitalia, viewed October 05, 2022)
|
| 650 |
|
0 |
|a Agriculture
|x Technological innovations.
|
| 650 |
|
0 |
|a Social aspects.
|
| 650 |
|
0 |
|a Social control.
|
| 650 |
|
0 |
|a Disinformation.
|
| 650 |
|
0 |
|a Elite (Social sciences)
|
| 700 |
1 |
|
|a Paredes, Laura,
|e translator.
|
| 791 |
2 |
|
|a Digitalia (Firm),
|e distributor.
|
| 793 |
0 |
|
|g Digitalia eBook Collection:
|a Ediciones B
|
| 776 |
0 |
8 |
|i Print version:
|a Estulin, Daniel.
|t Club de los inmortales.
|d Barcelona (España) : Ediciones B, [2013]
|z 9788466653084
|
| 856 |
4 |
0 |
|3 Digitalia Hispánica
|u https://www.digitaliapublishing.com/a/52793/
|
| 910 |
|
|
|a Premium collection: 2022
|